Normal view MARC view
  • Lagos Gutierrez, Leonardo

Entry Nombre Personal

Number of records used in: 1

001 - NUMERO DE CONTROL

  • campo de control: 50884

003 - IDENTIFICADOR DE NUMERO DE CONTROL

  • campo de control: UPN

005 - FECHA Y HORA DE LA ÜLTIMA TRANSACCIÓN

  • campo de control: 20240130094231.0

008 - DATOS DE LONGITUD FIJA

  • campo de control de longitud fija: 240130|| acn||aabn | a|a d

040 ## - FUENTE DE CATALOGACIÓN

  • Agencia original de catalogación: MX-MxUPN

100 ## - ENCABEZAMIENTO - NOMBRE PERSONAL

  • Nombre personal: Lagos Gutierrez, Leonardo

670 ## - FUENTE EN LA QUE SE LOCALIZARON DATOS

  • Cita de la fuente: En recurso en línea: Perspectiva educacional : formación de profesores, Vol. 62, no. 4 (2023)
  • Información localizada: (Leonardo Lagos Gutiérrez)
  • Uniform Resource Identifier: http://www.perspectivaeducacional.cl/index.php/peducacional/article/view/1226

902 ## - CATALOGADOR

  • Catalogador: BLSM/300124